Countries named after actual people. - Statistics

General Stats
  • This quiz has been taken 2,061 times
  • The average score is 13 of 23
Answer Stats
Hint Answer % Correct
Simon Bolivar Bolivia
99%
Christopher Columbus Colombia
92%
Saint Dominic Dominican Republic
92%
John Marshall Marshall Islands
82%
Nicarao Nicaragua
82%
Jean Moreau de Sechelles Seychelles
80%
Saint Lucy Saint Lucia
79%
Saint Vincent of Saragossa Saint Vincent and the Grenadines
78%
Muhammad bin Saud Saudi Arabia
78%
King Philip II of Spain Philippines
75%
Saint George Georgia
70%
King Solomon of Israel and Judah Solomon Islands
66%
Amerigo Vespucci United States of America
62%
Maurice of Nassau Mauritius
48%
Saint Christopher Saint Kitts and Nevis
41%
Saint Marinus San Marino
39%
Sage Kambu Swayambhuva Cambodia
36%
Saint Thomas Sao Tome and Principe
29%
King Mswati II Swaziland
28%
Jacob Israel
25%
Jesus Christ El Salvador
23%
Mussa Mbiki Mozambique
17%
Thomas Gilbert Kiribati
15%
No matching quizzes found
Score Distribution
Percent of People with Each Score
Percentile by Number Answered
Your Score History
You have not taken this quiz